Statistics for Nationalities on the NZ Coronavirus Evacuation Flight

Click here to take the quiz!

General Stats

  • This quiz has been taken 75 times
  • The average score is 7 of 13

Answer Stats

#country% Correct
23Australia
95%
56China
92%
54New Zealand
88%
8United Kingdom
84%
2Fiji
70%
5Samoa
59%
17Papua-New Guinea
52%
4Tonga
52%
1Micronesia
47%
1Kiribati
42%
17Timor-Leste
23%
1Netherlands
13%
1Uzbekistan
0%

Score Distribution

Percentile by Number Answered

Percent of People with Each Score

Your Score History

You have not taken this quiz